Poverty and human rights : (Record no. 5289)

MARC details
000 -LEADER
fixed length control field 00709cam a22002292 4500
001 - CONTROL NUMBER
control field 0000001497
005 - DATE AND TIME OF LATEST TRANSACTION
control field 20151217151819.0
008 - FIXED-LENGTH DATA ELEMENTS--GENERAL INFORMATION
fixed length control field 070313s xx 000 0 eng d
020 ## - INTERNATIONAL STANDARD BOOK NUMBER
International Standard Book Number 0199273871 :
Terms of availability KES 6,750
040 ## - CATALOGING SOURCE
Original cataloging agency KABU
Transcribing agency KABU
050 #0 - LIBRARY OF CONGRESS CALL NUMBER
Classification number HC79
Item number .P6V59
100 1# - MAIN ENTRY--PERSONAL NAME
Personal name Vizard, Polly.
-- 0000150296
245 10 - TITLE STATEMENT
Title Poverty and human rights :
Remainder of title Sen's capability perspective explored.
260 ## - PUBLICATION, DISTRIBUTION, ETC. (IMPRINT)
Place of publication, distribution, etc. Oxford :
Name of publisher, distributor, etc. OUP,
Date of publication, distribution, etc. 2006.
300 ## - PHYSICAL DESCRIPTION
Extent ix, 275 p.
600 10 - SUBJECT ADDED ENTRY--PERSONAL NAME
Personal name Sen, Amatry Kumar
General subdivision Influence.
-- 0000150297
650 #0 - SUBJECT ADDED ENTRY--TOPICAL TERM
Topical term or geographic name as entry element Human rights.
-- 0000150298
650 #0 - SUBJECT ADDED ENTRY--TOPICAL TERM
Topical term or geographic name as entry element Poverty
General subdivision International cooperation.
-- 0000150299
908 ## - PUT COMMAND PARAMETER (RLIN)
Put command parameter 070313
950 ## - LOCAL HOLDINGS (RLIN)
-- 1
Holdings
Withdrawn status Lost status Source of classification or shelving scheme Not for loan Home library Current library Date acquired Total Checkouts Full call number Barcode Date last seen Date last checked out Price effective from Koha item type
    Library of Congress Classification   Kabarak, Main Campus Kabarak, Main Campus 17/12/2015 1 HC79 .P6V59 001265 26/09/2024 25/09/2024 17/12/2015 General Collection
Designed with assistance from East African Informatics Ltd